000 00896cam a2200277 i 4500
999 _c67442
_d67442
001 67442
003 Mx-PuUPA
005 20221111145738.0
008 170601s2017 xxka r 000 0 eng d
020 _a9780198725046
040 _erda
_aMx-PuUPA
_bspa
_cMx-PuUPA
_dMx-PuUPA
041 0 _aeng
100 1 _aMacLeod, Andrew,
_c(Professor of clinical psychology)
_eautor
_94649
245 1 0 _aProspection :
_bwell-being, and mental health /
_cAndrew Macleod.
250 _aFirst edition
264 1 _aUnited Kingdom :
_bOxford University Press,
_c2017
300 _a296 páginas ;
_c24cm.
336 _atexto
_2rdacontent
_btxt
337 _asin medio
_2rdamedia
_bn
338 _avolumen
_2rdacarrier
_bnc
650 4 _aOptimismo
_xAspectos psicológicos
650 4 _aPersonalidad
650 4 _aBienestar
942 _h150.1988
_iM113
_cLI
_2ddc